Biblioteca de Selecciones : La mujer secreta; Todos los hombres están solos; Otra parte de la casa; Mayo, historia de mi familia y mi carrera /

Guardado en:
Detalles Bibliográficos
Otros autores: Hibbert, Eleanor Alice Burford (autor) (autor), Clifford, Francis, Estes, Winston M. (autor) (autor), Mayo, Charles W. (autor) (autor), Sestelo, Alejandro (versión) (versión), Masó, Salustiano (versión) (versión), Curutchet, Juan Carlos (versión) (versión), Martínez, Alfredo (versión) (versión)
Formato: Libro
Idioma:Español
Publicado: Madrid, España : Reader's Digest, 1972, c1971
Edición:Edición abreviada
Colección:(Biblioteca de Selecciones de Reader's Digest)
Temas:
Etiquetas: Agrega una etiqueta
Sin etiquetas, Sé el primero en etiquetar este registro!

MARC

LEADER 00000nam^a2200000^a^4500
001 000270582
005 20250521000000.0
009 20260310111001.091
037 |a Acervo Xavier Clavigero 
041 |a ESP 
082 |a 808. 83  |b SEL BIB V. 18 
240 1 1 |a [Biblioteca de Selecciones de Reader's Digest] 
240 1 1 |a [Todos los hombres se quedan solos] 
245 0 0 |a Biblioteca de Selecciones :  |b La mujer secreta; Todos los hombres están solos; Otra parte de la casa; Mayo, historia de mi familia y mi carrera / 
250 |a Edición abreviada 
264 4 |a Madrid, España :  |b Reader's Digest,  |c 1972, c1971 
300 |a 508 p. 
336 |a texto  |b txt  |2 rdacontenido 
337 |a sin mediación  |b n  |2 rdamedio 
338 |a volumen  |b nc  |2 rdasoporte 
440 1 |a (Biblioteca de Selecciones de Reader's Digest) 
500 |a Traducción de: The Secret Woman; All Men Are Lonely Now; Another Part of the House; Mayo, The History of My Family and My Career 
649 |a XX 
650 |a Novela Inglesa 
650 |a Novela Norteamericana 
650 |a Literatura de Mujeres -  |z Inglaterra 
650 |a Literatura Inglesa -  |y Siglo XX 
650 |a Literatura Norteamericana -  |y Siglo XX 
700 |a Hibbert, Eleanor Alice Burford  |e (autor) 
700 |a Clifford, Francis 
700 |a Estes, Winston M.  |e (autor) 
700 |a Mayo, Charles W.  |e (autor) 
700 |a Sestelo, Alejandro  |e (versión) 
700 |a Masó, Salustiano  |e (versión) 
700 |a Curutchet, Juan Carlos  |e (versión) 
700 |a Martínez, Alfredo  |e (versión) 
740 3 |a La mujer secreta /  |c E.A.B. Hibbert ; versión de Alejandro Sestelo. 
740 0 |a Todos los hombres están solos /  |c F. Clifford ; versión de S. Masó. 
740 0 |a Otra parte de la casa /  |c W.M. Estes ; versión de J.C. Curutchet. 
740 0 |a Mayo :  |b historia de mi familia y mi carrera /  |c C.W. Mayo ; versión de A. Martínez. 
910 |a Fondo General 
920 |a Impresos - Libros 
930 |a Colección General 
940 |a Literatura 
905 |a 101 
901 |a 009479  |b IT1  |c LIT  |u 20250521 
902 |a https://opac.biblio.iteso.mx/vufind/Record/000270582